| 000 | 00677cam a22002291 4500 | ||
|---|---|---|---|
| 001 | sa 68013574 | ||
| 003 | DLC | ||
| 005 | 20260227112622.0 | ||
| 008 | 911025s1966 pk 000 0deng | ||
| 010 | _asa 68013574 | ||
| 025 | _aPL480:P-E-1110 | ||
| 035 | _a(OCoLC)24619953 | ||
| 040 |
_aDLC _cCSt _dDLC |
||
| 050 | 0 | 0 |
_aBP75 _b.A515 |
| 082 | _a297/.63/08 | ||
| 100 | 1 | _aAhmad, Khurshid. | |
| 245 | 1 | 4 |
_aThe Prophet of Islam; _bpeace be upon him. _cCompiled and edited by Khurshid Ahmid [and] Ahmad Anas. |
| 260 |
_aKarachi, _bSeerat Academy, Jamiyat-ul-Falah, _c1966. |
||
| 300 |
_aii, 96 p. _c25 cm. |
||
| 600 | 0 | 0 |
_aMuḼammad, _cProphet, _d-632. |
| 700 | 0 | _aAhmad Anas. | |
| 999 |
_c85182 _d85182 |
||